000 00376nam a22001577a 4500
005 20160622152349.0
008 160622b xxu||||| |||| 00| 0 eng d
041 _aeng
082 _b9245
100 _aSandage, Fryburger and Rotzoll
_92520
245 _aAdvertising Theory and Practice
260 _bAITBS
_c1996
300 _a499
650 _aManagement
_9241
942 _cBK
999 _c3581
_d3580